Report of the twenty-fifth session of the committee on fisheries, Rome 24 - 28 February 2003

Na minha lista:
Detalhes bibliográficos
Autor principal: FAO
Formato: Livro
Idioma:Undetermined
Publicado em: Rome, Italy FAO 2003
Assuntos:
Tags: Adicionar Tag
Sem tags, seja o primeiro a adicionar uma tag!
Thư viện lưu trữ: Trung tâm Học liệu Trường Đại học Cần Thơ
LEADER 00470nam a2200169Ia 4500
001 CTU_59097
008 210402s9999 xx 000 0 und d
082 |a 639 
082 |b R425 
100 |a FAO 
245 0 |a Report of the twenty-fifth session of the committee on fisheries, Rome 24 - 28 February 2003 
260 |a Rome, Italy 
260 |b FAO 
260 |c 2003 
650 |a fisheries 
904 |i Minh 
980 |a Trung tâm Học liệu Trường Đại học Cần Thơ